| 000 | 00532nam a2200181Ia 4500 | ||
|---|---|---|---|
| 999 |
_c14048 _d14048 |
||
| 003 | OSt | ||
| 005 | 20201016132224.0 | ||
| 008 | 190216s9999||||xx |||||||||||||| ||und|| | ||
| 020 | _a9780140231946 | ||
| 040 | _coclc | ||
| 082 |
_a523.8875 _bDAV/E |
||
| 100 |
_aDavies, Paul _95810 |
||
| 245 | 4 |
_aThe Edge Of Infinity Beyond The Black Hole / _cPaul Davies |
|
| 260 |
_bPenguin Books , _c1981. _aLondon: |
||
| 300 | _a194p | ||
| 650 | _aEnglish General | ||
| 942 |
_cBK _2ddc _h523.8875 _iDAV/E _k523.8875 _mDAV/E |
||